Statystyki dla Kierowcy Formuły 1 2020

Kliknij tutaj aby rozwiązać quiz!

Ogólne statystyki

  • Ten quiz został rozwiązany 59 razy
  • Średni wynik to 18 z 20

Statystyki odpowiedzi

ZespółNumerKierowca% Poprawnych
Mercedes44Hamilton
100%
Red Bull Racing33Verstappen
100%
Mercedes77Bottas
97%
Ferrari5Vettel
97%
Ferrari16Leclerc
95%
Racing Point11Perez
95%
McLaren55Sainz
93%
Red Bull Racing23Albon
90%
McLaren4Norris
90%
Williams63Russell
90%
Renault31Ocon
88%
Alfa Romeo7Raikkonen
86%
Haas20Magnussen
84%
Renault3Ricciardo
84%
AlphaTauri10Gasly
83%
Williams6Latifi
83%
Racing Point18Stroll
83%
Alfa Romeo99Giovinazzi
78%
Haas8Grosjean
78%
AlphaTauri26Kvyat
74%

Rozkład punktacji

Percentyl według liczby udzielonych odpowiedzi

Procent ludzi z każdym wynikiem

Twoja historia wyników

Nie rozwiązałeś tego quizu